| 000 | 00000cam 2200000zi 4500 |
| 001 | 9.949160 |
| 003 | CaOODSP |
| 005 | 20260114161431 |
| 006 | m o d f |
| 007 | cr mn||||||||| |
| 008 | 250317e20250702onca ob f000 0 eng d |
| 020 | |a9780660764429 |
| 040 | |aCaOODSP|beng|erda|cCaOODSP |
| 043 | |an-cn--- |
| 086 | 1 |aH139-89/2025E-PDF |
| 245 | 00|aHow to demonstrate foreign building compliance with drug good manufacturing practices (GUI-0080). |
| 250 | |a[2025 edition]. |
| 264 | 1|aOttawa, ON : |bHealth Canada = Santé Canada, |cJuly 2, 2025. |
| 264 | 4|c©2025 |
| 300 | |a1 online resource (52 pages) : |billustrations |
| 336 | |atext|btxt|2rdacontent |
| 337 | |acomputer|bc|2rdamedia |
| 338 | |aonline resource|bcr|2rdacarrier |
| 500 | |aIssued also in French under title: Comment démontrer la conformité des bâtiments étrangers avec les bonnes pratiques de fabrication des médicaments (GUI-0080). |
| 500 | |a"Pub.: 240968"--Page [2]. |
| 504 | |aIncludes bibliographical references. |
| 520 | |a"This guide is for Canadian importers who want to list and maintain a foreign building on their drug establishment licence (DEL). It provides guidance on the type of information you should submit to support your DEL application. It will also help you understand how Part C, Division 2, Good Manufacturing Practices of the Food and Drug Regulations (FDR) applies to foreign buildings that supply Canadian importers with drugs for import into Canada or import into Canada for future export. This includes finished dosage forms (FDF), active pharmaceutical ingredients (API), and FDF and API intermediates"--Purpose, page 5. |
| 650 | 0|aPharmaceutical industry|xGovernment policy|zCanada. |
| 650 | 0|aPharmaceutical policy|zCanada. |
| 710 | 1 |aCanada. |bHealth Canada, |eissuing body. |
| 775 | 08|tComment démontrer la conformité des bâtiments étrangers avec les bonnes pratiques de fabrication des médicaments (GUI-0080).|w(CaOODSP)9.949161 |
| 795 | |tHow to demonstrate foreign building compliance with drug good manufacturing practices.|b[2018 edition]|w(CaOODSP)9.954631 |
| 856 | 40|qPDF|s684 KB|uhttps://publications.gc.ca/collections/collection_2025/sc-hc/H139-89-2025-eng.pdf |
| 856 | 4 |qHTML|sN/A|uhttps://www.canada.ca/en/health-canada/services/drugs-health-products/compliance-enforcement/good-manufacturing-practices/guidance-documents/guidance-evidence-demonstrate-drug-compliance-foreign-sites-0080.html |
| 986 | |a240968 |